Longest Country Names - Statistics

General Stats
  • This quiz has been taken 95 times
    87 since last reset
  • The average score is 28 of 46
Answer Stats
Hint Answer % Correct
21 United States of America
94%
13 United Kingdom
91%
28 Democratic Republic of the Congo
90%
28 Saint Vincent and the Grenadines
84%
10 North Korea
81%
18 Saint Kitts and Nevis
81%
10 South Korea
81%
22 Central African Republic
79%
17 Dominican Republic
78%
10 Kazakhstan
78%
10 Micronesia
75%
12 Turkmenistan
75%
10 South Africa
73%
10 Tajikistan
72%
10 Kyrgyzstan
70%
11 Saudi Arabia
70%
18 United Arab Emirates
70%
17 Trinidad and Tobago
66%
10 Uzbekistan
66%
14 Solomon Islands
63%
20 Bosnia and Herzegovina
61%
15 Marshall Islands
61%
14 Papua New Guinea
61%
10 South Sudan
60%
11 Afghanistan
58%
17 Antigua and Barbuda
58%
16 Equatorial Guinea
57%
18 Sao Tome and Principe
57%
10 Mozambique
55%
10 Madagascar
54%
14 North Macedonia
52%
12 Guinea-Bissau
51%
13 Liechtenstein
51%
11 Philippines
49%
10 Azerbaijan
46%
11 Burkina Faso
43%
10 Luxembourg
42%
10 Ivory Coast
39%
11 Netherlands
39%
10 Saint Lucia
39%
10 Bangladesh
34%
11 Switzerland
34%
13 Czech Republic
31%
10 Seychelles
31%
11 Sierra Leone
31%
10 Montenegro
30%
No matching quizzes found
Score Distribution
Percent of People with Each Score
Percentile by Number Answered
Your Score History
You have not taken this quiz since the last reset